000
00302nam a2200109Ia 4500
001
1276010
005
20260417160439.0
008
260417s9999 xx 000 0 und d
020
_a
9786256126756
245
0
_a
Minik Kâşifler için Hayat Bilgisi - Şekiller
_c
Mukaddes Kutlu
260
_b
Ketebe Çocuk
999
_c
1276010
_d
1276010